[Event "Saint Affrique op 14th"]
[Site "Saint Affrique"]
[Date "2006.??.??"]
[Round "2"]
[White "Humeau, Cyril"]
[Black "Barbier, Kenan"]
[Result "1-0"]
[WhiteElo "2095"]
[BlackElo "1710"]
[PlyCount "59"]
[EventDate "2006.07.21"]
[EventType "swiss"]
[EventRounds "9"]
[EventCountry "FRA"]
[SourceTitle "CBM 113 Extra"]
[Source "ChessBase"]
[SourceDate "2006.09.14"]
[SourceVersion "1"]
[SourceVersionDate "2006.09.14"]
[SourceQuality "1"]

1. e4 c5 2. c4 Nc6 3. Nc3 d6 4. g3 e6 5. Bg2 Nge7 6. Nge2 Ng6 7. 0-0 Be7 8. d4 cxd4 9. Nxd4 a6 10. Be3 0-0 11. Qd2 Nce5 12. Qe2 Qc7 13. b3 b5 14. f4 Nd7 15. e5 Bb7 16. exd6 Bxd6 17. Ncxb5 axb5 18. Nxb5 Qb8 19. Bxb7 Qxb7 20. Nxd6 Qc6 21. Rfd1 Nf6 22. b4 Nd7 23. c5 Ne7 24. b5 Qc7 25. c6 Nb6 26. Bxb6 Qxb6+ 27. Qf2 Qxf2+ 28. Kxf2 Rfd8 29. c7 Rd7 30. b6 1-0